Personnage des aventures de Tintin : Roberto Rastapopoulos (Vol.1) - Statistiques

Statistiques générales
  • Ce quiz a été pris 38 fois
  • Le résultat moyen est 12 sur 16
Statistiques - réponses
Questions Réponses % Correct
Albums dans lesquels apparaît Roberto Rastapopoulos. Coke en stock
96%
Albums dans lesquels apparaît Roberto Rastapopoulos. Le Lotus bleu
92%
Albums dans lesquels apparaît Roberto Rastapopoulos. Les Cigares du Pharaon
92%
Drogue que trafique Roberto Rastapopoulos. L'opium
92%
Accessoire que porte Rastapopoulos sur son visage, qui marque son "rang". Un monocle
92%
Personnage de marin américain, complice de Roberto Rastapopoulos, qui a été ajouté a posteriori dans une version ultérieure de l'album où Rastapopoulos apparaît pour la première fois. Allan Thompson
88%
Pays d'origine de Roberto Rastapopoulos à en juger par son patronyme. Pays d'origine évoqué par Hergé dans des propos rapportés par Pierre Assouline ("Hergé : biographie", Plon, 1998). La Grèce
88%
Métier du cinéma qu'exerce Roberto Rastapopoulos lorsqu'il rencontre Tintin pour la première fois. Producteur
80%
Albums dans lesquels apparaît Roberto Rastapopoulos. Vol 714 pour Sydney
76%
Pays dans lequel un personnage mystère, maître d'un trafic de drogue, qui s'avéra être Roberto Rastapopoulos, fait une chute en apparence mortelle dans un ravin. Les Indes
68%
Albums dans lesquels apparaît Roberto Rastapopoulos. Tintin et l'Alph-art
68%
Personnage qui se cogne involontairement contre Roberto Rastapopoulos sur le paquebot Époméo, au moment de la première rencontre entre ce dernier et Tintin. Le professeur Philémon Siclone
60%
Personnage qui braque un pistolet sur Rastapopoulos, en compagnie de plusieurs membres de la société secrète des "Fils du dragon", au moment de son arrestation et du démantèlement de son cartel. Tchang Tchong Jen
56%
Personne qu'aucun État ne considère comme son ressortissant par application de sa législation. Hergé, toujours dans ses propos rapportés par Pierre Assouline prétendait que Rastapopoulos avait le profil type de ce genre d'hommes, ce qui de son point de vue de l'époque où il a créé le personnage (années 1930), signifiait qu'il était "sans foi ni loi". Un apatride
56%
Film tourné dans le désert au moment de la deuxième rencontre entre Tintin et Roberto Rastapopoulos : "Haine d'____." Arabe
48%
Scientiffique que Rastapopoulos dit avoir raccompagné dans sa propriété mais qu'il a, en réalité, enlevé pour l'empêcher de produire l'antidote au "poison qui rend fou". Fan Se-Yeng
36%
Aucun quiz correspondant
Distribution des résultats
% des personnes avec chaque résultat
Percentile par nombre de réponses
Votre historique - résultats
Vous n’avez pas pris ce quiz